000 00897cam a22002175a 4500
001 L149361
008 100224s2010 xxk 000 0 eng d
035 _a(Sirsi) u149361
041 0 _aeng
100 1 _aMurdoch, John
245 0 0 _aEscape from an infernal triangle
260 _c2010
490 _aEstates Gazette
_v(1005) 6 February 2010, 111(1)
520 _aCrucial difference between a novation and an assignment of the contract is explained. Court of Appeal decision in Davies v Jones [2009] EWCA Civ 1164; [2010] 05 EG 114 highlights the limits and dangers of an assignment. Discusses the case, the background, and the decision.
590 _aKA
650 2 4 _aDAVIES V JONES
650 2 4 _aCONTRACTS (RIGHTS OF THIRD PARTIES) ACT 1999
651 4 _aEngland and Wales
_y1543-
690 _aBUILT ENVIRONMENT-CONSTRUCTION MANAGEMENT-BUILDING CONTRACT ADMINISTRATION
942 _n0
999 _c82156
_d82156